|
|
|
|
| LEADER |
01990nem a2200445 i 4500 |
| 001 |
001714477 |
| 003 |
CZ BrMZK |
| 005 |
20191104140418.0 |
| 007 |
aj|canzn |
| 008 |
191101s1989 xr a 0| cze d |
| 034 |
1 |
|
|a a
|b 10000000
|d W0900000
|e E0900000
|f N0900000
|g S0900000
|
| 040 |
|
|
|a BOA001
|b cze
|e rda
|
| 072 |
|
7 |
|a 523/524
|x Sluneční soustava. Hvězdy. Vesmír
|2 Konspekt
|9 6
|
| 072 |
|
7 |
|a 912
|x Mapy. Atlasy. Glóby
|2 Konspekt
|9 7
|
| 080 |
|
|
|a 523.34
|2 MRF
|
| 080 |
|
|
|a (084.3)523.34
|2 MRF
|
| 080 |
|
|
|a (084.3)(215)
|2 MRF
|
| 100 |
1 |
|
|a Rükl, Antonín,
|d 1932-2016
|7 mzk2002148092
|4 ctg
|
| 245 |
1 |
0 |
|a Měsíc :
|b Mapa přivrácené strany : Měřítko 1:7 500 000 /
|c námět, zpracování a grafická úprava Antonín Rükl ; Odpovědný redaktor Miroslav Krob
|
| 250 |
|
|
|a 1. vydání
|
| 255 |
|
|
|a Měřítko 1:7 500 000 ;
|c (E 90°00'00"--E 90°00'00"/N 90°00'00"--N 90°00'00")
|
| 264 |
|
1 |
|a Praha
|b vydalo vydavatelství ČTK-Pressfoto Praha
|c [1989]
|
| 264 |
|
3 |
|a Červený Kostelec
|b Severografia
|c [1989]
|
| 300 |
|
|
|a 1 mapa :
|b barená ;
|c polokoule, 48 cm průměr, na listu 85 x 60 cm
|
| 336 |
|
|
|a kartografický obraz
|b cri
|2 rdacontent
|
| 337 |
|
|
|a bez média
|b n
|2 rdamedia
|
| 338 |
|
|
|a list
|b nb
|2 rdacarrier
|
| 500 |
|
|
|a Ve spodní části listu fotografie expedice Apolla 15, kráteru Langrenus a laboratoře Lunochod 1
|
| 500 |
|
|
|a Dostupné též v digitální podobě v aplikaci Kramerius
|
| 650 |
0 |
7 |
|a Měsíc
|7 ph117905
|2 czenas
|
| 655 |
|
7 |
|a mapy polokoulí
|7 fd687853
|2 czenas
|
| 655 |
|
4 |
|a mapy Měsíce
|
| 700 |
1 |
|
|a Krob, Miroslav,
|d 1931-2011
|7 jk01063378
|4 red
|
| 710 |
2 |
|
|a Severografia Červený Kostelec
|4 prt
|
| 710 |
2 |
|
|a Hvězdárna a planetárium hlavního města Prahy
|7 kn20010724304
|
| 710 |
2 |
|
|a Pressfoto (vydavatelství)
|7 ko2003181116
|4 pbl
|
| 856 |
4 |
1 |
|u http://www.digitalniknihovna.cz/mzk/uuid/uuid:9eb2f700-ffd0-11e9-a20e-005056827e51
|y Digitalizovaný dokument
|x NDK
|
| 910 |
|
|
|a BOA001
|b Mpa-0945.869
|
| 990 |
|
|
|a MP
|
| 991 |
|
|
|b 201911
|